Evolving Germs - Antibiotic Resistance and Natural Selection in Education and Public Communication.

Bibliographic Details
Main Author: Bohlin, Gustav.
Format: eBook
Language:English
Published: Linköping : Linkopings Universitet, 2017.
Edition:1st ed.
Series:Linköping Studies in Science and Technology. Dissertations Series
Subjects:
Online Access:Click to View
LEADER 02144nam a22003853i 4500
001 EBC5085276
003 MiAaPQ
005 20240729202202.0
006 m o d |
007 cr cnu||||||||
008 240729s2017 xx o ||||0 eng d
020 |a 9789176854891  |q (electronic bk.) 
035 |a (MiAaPQ)EBC5085276 
035 |a (Au-PeEL)EBL5085276 
035 |a (CaPaEBR)ebr11457398 
035 |a (OCoLC)1009331008 
040 |a MiAaPQ  |b eng  |e rda  |e pn  |c MiAaPQ  |d MiAaPQ 
100 1 |a Bohlin, Gustav. 
245 1 0 |a Evolving Germs - Antibiotic Resistance and Natural Selection in Education and Public Communication. 
250 |a 1st ed. 
264 1 |a Linköping :  |b Linkopings Universitet,  |c 2017. 
264 4 |c {copy}2017. 
300 |a 1 online resource (129 pages) 
336 |a text  |b txt  |2 rdacontent 
337 |a computer  |b c  |2 rdamedia 
338 |a online resource  |b cr  |2 rdacarrier 
490 1 |a Linköping Studies in Science and Technology. Dissertations Series ;  |v v.1865 
505 0 |a Intro -- Abstract -- Swedish summary -- Preface -- Acknowledgements -- List of papers -- Author's contribution to the papers -- TABLE OF CONTENTS -- List of Tables -- List of Figures -- 1. Introduction -- 2. Theoretical framework -- 3. Aims and research questions -- 4. Methodology -- 5. Results -- 6. Discussion -- 7. References -- Appendix A - Tillståndsblankett -- Papers -- Studies in Science and Technology Education. 
588 |a Description based on publisher supplied metadata and other sources. 
590 |a Electronic reproduction. Ann Arbor, Michigan : ProQuest Ebook Central, 2024. Available via World Wide Web. Access may be limited to ProQuest Ebook Central affiliated libraries.  
655 4 |a Electronic books. 
776 0 8 |i Print version:  |a Bohlin, Gustav  |t Evolving Germs - Antibiotic Resistance and Natural Selection in Education and Public Communication  |d Linköping : Linkopings Universitet,c2017 
797 2 |a ProQuest (Firm) 
830 0 |a Linköping Studies in Science and Technology. Dissertations Series 
856 4 0 |u https://ebookcentral.proquest.com/lib/matrademy/detail.action?docID=5085276  |z Click to View